000 00832nam a2200205 i 4500
001 132916
003 ES-MaACL
005 20250728100642.0
007 t|
008 070214s1915 sp r ||||1| spa d
100 1 _aRoso de Luna, Mario,
_d1872-1931
_999794
245 1 0 _aBeethoven, teósofo :
_bun capítulo de la obra "El drama lírico de Wagner y los misterios de la antigüedad" /
_cpor Mario Roso de Luna.
250 _aEd. privada, obsequio del autor y editor a sus amigos.
260 _aPontevedra :
_bJ.P.F. [Javier Pintos Fonseca],
_c1915 (
_fVda. e Hijos de Antúñez)
300 _a111 p. ;
_c18 cm.
600 1 7 _aBeethoven, Ludwig van,
_d1770-1827
_2embne
_9240507
650 7 _aTeosofía
_2embne
_917478
852 _aES-MaACL
_jT-1463-F-5
_z- Dedicatoria autógrafa del autor
999 _c132916
_d132916